LEADER 01340nam a2200325 a 4500 001 000000125474 003 CaOOAMICUS 005 20240429122946.0 008 110526s2008 it b u000 u ita r 020 $a978-88-430-4603-4 032 $aLibriCat 040 $aPUL$bita 082 04$a035 100 1 $aSquarcini, Federico.$0(OLS)http://pul/name/34824 245 10$aYoga :$bfra storia, salute e mercato /$cFederico Squarcini, Luca Mori. 260 $aRoma :$bCarocci,$cİ2008. 300 $a136 p. :$bc. geogr. ;$c22 cm. 490 1 $aQuality paperbacks ;$v248 504 $aNote e bibliografia: p. 117-131. 650 4$aIndologia$xStoria ed evoluzione.$0(OLS)http://pul/subject/37681 700 1 $aMori, Luca,$d1971-$0(OLS)http://pul/name/113641 830 0$aQuality paperbacks (Carocci) ;$v248.$0(OLS)http://pul/title/103487 850 $aPUL 852 $aPUL$W1$xDP2 Cons. Gen., Altre Classi 3$y97$m035 COLL 1.248$j144507$qDDC 21$B143535$CPULBib$Z2$F143535 $H116371 $82 941 1 $a9 996 $6020$a978-88-430-4603-4$9(OLS)http://pul/number/147326 996 $6082$a035$9(OLS)http://pul/classification/471 996 $6245$aYoga :$bfra storia, salute e mercato$9(OLS)http://pul/title/158216 996 $6260$aRoma :$bCarocci$9(OLS)http://pul/publisher/66917 LEADER 01695nam a2200373 a 4500 001 000000155265 003 CaOOAMICUS 005 20161019111855.0 008 161019s2005 it u000 u ita r 020 $a88-315-2907-2* 032 $aLibriCat 040 $aPUL$bita 082 04$a220.7 130 0 $aBiblia.$pN.T.$pAd Timotheum I-II.$lItaliano.$0(OLS)http://pul/title/36956 245 13$aLettere a Timoteo. Lettera a Tito /$cnuova versione, introduzione e commento di Paolo Iovino. 246 33$aLettera a Tito 260 $aMilano :$bPaoline ;$aMilano :$bFiglie di San Paolo,$cİ2005. 300 $a303 p. ;$c24 cm. 490 1 $aLibri biblici. Nuovo Testamento ;$v15 504 $aInclude riferimenti bibliografici. 630 04$aBiblia.$pN.T.$pAd Titum$xCommenti.$0(OLS)http://pul/subject/14457 630 04$aBiblia.$pN.T.$pAd Timotheum I-II$xCommenti.$0(OLS)http://pul/subject/6181 700 1 $aIovino, Paolo,$d1939-$0(OLS)http://pul/name/1119 830 2$aI libri biblici.$pNuovo Testamento ;$v15.$0(OLS)http://pul/title/66327 850 $aPUL 852 $aPUL$W1$xSL Religione 3$y85$m220. 7 COLL 2.15$j178327$qDDC 21$B181545$CPULBib$Z2$F181545 $H128219 $81 941 1 $a9 996 $6020$a88-315-2907-2*$9(OLS)http://pul/number/161337 996 $6082$a220.7$9(OLS)http://pul/classification/1816 996 $6245$aLettere a Timoteo. Lettera a Tito$9(OLS)http://pul/title/194908 996 $6246$aLettera a Tito$9(OLS)http://pul/title/65017 996 $6260$aMilano :$bPaoline$9(OLS)http://pul/publisher/60808 996 $6260$aMilano :$bFiglie di San Paolo$9(OLS)http://pul/publisher/61975